|
|
|
|
| LEADER |
00000nam0a2200000 4500 |
| 001 |
249611 |
| 005 |
20231101232504.0 |
| 010 |
|
|
|a 5120000290
|
| 035 |
|
|
|a (RuTPU)RU\TPU\book\271704
|
| 090 |
|
|
|a 249611
|
| 100 |
|
|
|a 20140206d1988 k y0rusy50 ca
|
| 101 |
0 |
|
|a rus
|
| 102 |
|
|
|a UA
|
| 105 |
|
|
|a y z 001zy
|
| 200 |
1 |
|
|a Диалектика становления и развития отношений коллективизма
|f Е. И. Суименко
|g Академия наук Украинской ССР (АН УССР), Институт философии
|
| 210 |
|
|
|a Киев
|c Наукова думка
|d 1988
|
| 215 |
|
|
|a 248 с.
|
| 320 |
|
|
|a Библиогр.: с. 236-245.
|
| 606 |
1 |
|
|a Коллективизм
|x Этика
|2 stltpush
|3 (RuTPU)RU\TPU\subj\14727
|9 41078
|
| 610 |
1 |
|
|a диалектика
|
| 610 |
1 |
|
|a становление
|
| 610 |
1 |
|
|a отношения
|
| 610 |
1 |
|
|a развитие
|
| 610 |
1 |
|
|a становление
|
| 610 |
1 |
|
|a политико-экономическое значение
|
| 610 |
1 |
|
|a противоречия
|
| 610 |
1 |
|
|a человеческое общество
|
| 686 |
|
|
|a Ю713
|v LBC/SL-A
|2 rubbk
|
| 700 |
|
1 |
|a Суименко
|b Е. И.
|g Евгений Иванович
|
| 712 |
0 |
2 |
|a Академия наук Украинской ССР (АН УССР)
|b Институт философии
|2 stltpush
|3 (RuTPU)RU\TPU\col\12865
|
| 801 |
|
1 |
|a RU
|b 63413507
|c 20140206
|
| 801 |
|
2 |
|a RU
|b 63413507
|c 20140213
|g RCR
|
| 942 |
|
|
|c BK
|